Autonomy in Language (Record no. 757)

MARC details
000 -LEADER
fixed length control field 00299nam a2200109 4500
008 - FIXED-LENGTH DATA ELEMENTS--GENERAL INFORMATION
fixed length control field 160624b xxu||||| |||| 00| 0 eng d
100 ## - MAIN ENTRY--PERSONAL NAME
9 (RLIN) 951
Personal name Bhat, D, N.S
245 ## - TITLE STATEMENT
Title Autonomy in Language
260 ## - PUBLICATION, DISTRIBUTION, ETC. (IMPRINT)
Place of publication, distribution, etc. Trivandrum
Name of publisher, distributor, etc. The Dravidian Linguistics Asso.
300 ## - PHYSICAL DESCRIPTION
Extent Autonomy in Language
942 ## - ADDED ENTRY ELEMENTS (KOHA)
Source of classification or shelving scheme Dewey Decimal Classification
Koha item type BOOK
Holdings
Withdrawn status Lost status Source of classification or shelving scheme Damaged status Not for loan Home library Current library Shelving location Date acquired Total Checkouts Full call number Barcode Date last seen Price effective from Koha item type
    Dewey Decimal Classification     Good Samaritan School Library Good Samaritan School Library   06/24/2016   402 BHA1452 06/24/2016 06/24/2016 BOOK

Powered by Koha